| 000 | 00681nam a2200229 a 4500 | ||
|---|---|---|---|
| 001 | 000039951 | ||
| 003 | Ost | ||
| 005 | 20260321073643.0 | ||
| 008 | 130731s1993 dr 000 j spa d | ||
| 040 |
_aDO-SdBNP _bspa _cBNPHU |
||
| 082 |
_aRD863.44 _bB742c, 1993 |
||
| 100 | 1 |
_a Bosch, Juan, _d1909-2001 _976555 |
|
| 245 | 1 | 0 |
_aCuentos escritos en el exilio / _cJuan Bosch. |
| 250 | _avigésima edición | ||
| 260 |
_aSanto Domingo : _bAlfa y omega, _c1993. |
||
| 300 |
_a279 p. ; _c21 cm. |
||
| 590 | _aInventariado, 2020 / DG | ||
| 650 | 0 |
_aCuentos dominicanos _9176 |
|
| 650 | 0 |
_aLiteratura dominicana. _967 |
|
| 910 | _aValidado. Control de calidad MFF | ||
| 942 |
_2ddc _cLBS1 |
||
| 999 |
_c39441 _d39441 |
||